000 00370nam a2200121Ia 4500
008 151001s9999||||xx |||||||||||||| ||und||
100 _aध रा गाला
245 _aहृदय रोग टाळा व दीर्घायुषी बना
250 _a1
260 _bगाला पब्लिशर्स
300 _a155
365 _b21
999 _c969912
_d969909